Українська Автокефальна Православна церква - вічне джерело життя (Запис № 320390)

МАРК-запис
000 -Лідер
fixed length control field 00747nam a22002417a 4500
001 - Контрольний номер
control field 33942
003 - Ідентифікатор контрольного номера
control field UA-OsUOA
005 - Дата та час останнього входження (трансакції)
control field 20201119221739.0
007 - Фіксоване поле фізичного опису
fixed length control field ta
008 - Елементи даних фіксованої довжини – загальна інформація
fixed length control field 20050919b un ||||| |||| 00| 0 ukr d
040 ## - Джерело каталогізації
Агенція оригінальної каталогізації UA-OsUOA
Мова каталогізації ukr
Агенція, яка здійснювала перезапис UA-OsUOA
Агенція, яка здійснювала модифікацію UA-OsUOA
041 ## - Код мови
Код мови тексту/ звукової доріжки чи окремого заголовка (П) ukr
080 ## - Індекс Універсальної десяткової класифікації
Індекс Універсальної десяткової класифікації (УДК) (НП) 23(477)
090 ## - Локальний шифр розміщення
Класифікаційний індекс УДК 23(477)
Авторський знак (НП) Б91
100 ## - Основне введення – ім’я особи
Ім’я особи (НП) Бурко Д.
245 ## - Відомості про назву
Назва (НП) Українська Автокефальна Православна церква - вічне джерело життя
260 ## - Публікація, розповсюдження і т.п. (Вихідні дані)
Місце публікації, розповсюдження і т.п. (П) США
Ім’я/ наймення видавництва, розповсюджувача і т.п. (П) Саут-Бавнд-Брук
Дата публікації, розповсюдження і т.п. (П) 1988
300 ## - Фізичний опис
Обсяг 392 с.
650 #7 - Додаткове предметне введення – тематичний термін
Тематичний термін чи географічна назва, як елемент введення (НП) 2 Релігія. Теологія.
Джерело заголовка чи терміна UDC
942 ## - Додаткові елементи входу (Коха)
Тип елемента Koha Книги
Source of classification or shelving scheme Universal Decimal Classification
955 ## - Код типу видання за змістом
Код типу видання за змістом (НП) Навчальні видання
Фонди
Стан вилучень Стан втрат Джерело класифікації або схеми стелажів Стан уражень Не для кредиту Код колекції Постійне місце розташування Поточне розміщення Дата придбання Джерело придбання Вартість, звичайна ціна покупки Інвентарний номер Усього замовленно Повний номер виклику Штрих-код Дата останнього перегляду Ціна ефективна від Тип елемента Koha
Withdrawn   Universal Decimal Classification     Колекція Скорупського П. ВІЛ - Відділ іноземн. літератури НБ ВІЛ - Відділ іноземн. літератури НБ 03/02/2016 4/2016 18.00 150491   23(477) Б91 150491 13/07/2019 19/09/2005 Книги
    Universal Decimal Classification       Наукова бібліотека ІДУД Наукова бібліотека ІДУД 04/05/2008 177/2008 1.00 2128117   281.96 Б91 2128117 15/09/2019 04/05/2008 Книги
    Universal Decimal Classification       ЧЗ - Читальна зала ЧЗ - Читальна зала 19/09/2005     63509   23(477) Б91 63509 29/09/2021 19/09/2005 Книги